Призраки отеля "Голливуд". Гамбургский оракул (Запис № 327225)

МАРК-запис
000 -Лідер
fixed length control field 01890nam a22002777a 4500
001 - Контрольний номер
control field 41087
003 - Ідентифікатор контрольного номера
control field UA-OsUOA
005 - Дата та час останнього входження (трансакції)
control field 20201223110319.0
007 - Фіксоване поле фізичного опису
fixed length control field ta
008 - Елементи даних фіксованої довжини – загальна інформація
fixed length control field 20060915b un ||||| |||| 00| 0 ukr d
020 ## - Міжнародний стандартний книжковий номер (ISBN)
Міжнародний стандартний книжковий номер (ISBN) (НП) 5285000262
040 ## - Джерело каталогізації
Агенція оригінальної каталогізації UA-OsUOA
Мова каталогізації rus
Агенція, яка здійснювала перезапис UA-OsUOA
Агенція, яка здійснювала модифікацію UA-OsUOA
041 ## - Код мови
Код мови тексту/ звукової доріжки чи окремого заголовка (П) rus
080 ## - Індекс Універсальної десяткової класифікації
Індекс Універсальної десяткової класифікації (УДК) (НП) 821.161.1
090 ## - Локальний шифр розміщення
Класифікаційний індекс УДК 821.161.1
Авторський знак (НП) И51
100 ## - Основне введення – ім’я особи
Ім’я особи (НП) Имерманис А.
245 ## - Відомості про назву
Назва (НП) Призраки отеля "Голливуд". Гамбургский оракул
260 ## - Публікація, розповсюдження і т.п. (Вихідні дані)
Місце публікації, розповсюдження і т.п. (П) М.
Ім’я/ наймення видавництва, розповсюджувача і т.п. (П) Дружба
Дата публікації, розповсюдження і т.п. (П) 1991
300 ## - Фізичний опис
Обсяг 557 с.
490 ## - Область серії
Назва серії Советский детектив
520 ## - Резюме і т.п.
Резюме, реферат, анотація, тощо (НП) Романы видного латышского писателя Анатола Имерманиса входят в серию политических детективов " Мун и Дейли". В основу романа "Призраки отеля "Голливуд" положен реальный факт крушения в Испании в 1969 году американского стратегического бомбардировщика с ядерными установками на борту. Поиски ядерных бомб, ведущихся в рамках исключительной секретности, сопровождается цепью трагических событий. "Гамбургский оракул"- роман о нравах западных политических кругов и прессы. Частные детективы Мун и Дейли рассследуют невероятно запутанную гибель главного редактора прогрессивной газеты.
650 #7 - Додаткове предметне введення – тематичний термін
Тематичний термін чи географічна назва, як елемент введення (НП) 82 Література. Літературознавство
Джерело заголовка чи терміна UDC
942 ## - Додаткові елементи входу (Коха)
Тип елемента Koha Книги
Source of classification or shelving scheme Universal Decimal Classification
955 ## - Код типу видання за змістом
Код типу видання за змістом (НП) Літературно-художні видання
Фонди
Стан вилучень Стан втрат Джерело класифікації або схеми стелажів Стан уражень Не для кредиту Постійне місце розташування Поточне розміщення Дата придбання Джерело придбання Вартість, звичайна ціна покупки Інвентарний номер Усього замовленно Повний номер виклику Штрих-код Дата останнього перегляду Ціна ефективна від Тип елемента Koha
    Universal Decimal Classification     АБ - Абонемент НБ АБ - Абонемент НБ 15/09/2006 90/2006 10.00 98397   821.161.1 И51 98397 18/04/2022 15/09/2006 Книги